| 000 | 00630nam a22001577a 4500 | ||
|---|---|---|---|
| 999 |
_c523840 _d523840 |
||
| 008 | 231005b ||||| |||| 00| 0 eng d | ||
| 100 |
_aBajpai, G.S. and Pandey, Raghav _944060 |
||
| 245 | _aRole of constitutional bodies in strengthening democracy | ||
| 260 | _aYojana | ||
| 300 | _a67(9), Sep, 2023: p.47-48 | ||
| 520 | _aConstitutional bodies are the foundation of democracy as an Institution. Their presence has been critical factor in the resilience of Indian democracy. – Reproduced | ||
| 650 |
_aConstitutional bodies, Democracy, Institutions _944061 |
||
| 773 | _aYojana | ||
| 906 | _aDEMOCRACY | ||
| 942 | _cAR | ||